Out of due time (Record no. 8788)
[ view plain ]
| 000 -LEADER | |
|---|---|
| fixed length control field | 01742nam a2200385 a 4500 |
| 001 - CONTROL NUMBER | |
| control field | ebr10267283 |
| 003 - CONTROL NUMBER IDENTIFIER | |
| control field | CaPaEBR |
| 006 - FIXED-LENGTH DATA ELEMENTS--ADDITIONAL MATERIAL CHARACTERISTICS--GENERAL INFORMATION | |
| fixed length control field | m u |
| 007 - PHYSICAL DESCRIPTION FIXED FIELD--GENERAL INFORMATION | |
| fixed length control field | cr cn||||||||| |
| 008 - FIXED-LENGTH DATA ELEMENTS--GENERAL INFORMATION | |
| fixed length control field | 050112s2006 dcu sb 001 0deng |
| 010 ## - LIBRARY OF CONGRESS CONTROL NUMBER | |
| Canceled/invalid LC control number | 2005000845 |
| 020 ## - INTERNATIONAL STANDARD BOOK NUMBER | |
| Cancelled/invalid ISBN | 0813214270 (alk. paper) |
| 040 ## - CATALOGING SOURCE | |
| Original cataloging agency | CaPaEBR |
| Transcribing agency | CaPaEBR |
| 035 ## - SYSTEM CONTROL NUMBER | |
| System control number | (OCoLC)646786303 |
| 043 ## - GEOGRAPHIC AREA CODE | |
| Geographic area code | e-ie--- |
| 050 14 - LIBRARY OF CONGRESS CALL NUMBER | |
| Classification number | BX4705.W297 |
| Item number | S36 2006eb |
| 082 04 - DEWEY DECIMAL CLASSIFICATION NUMBER | |
| Classification number | 282/.092 |
| Edition number | 22 |
| 100 1# - MAIN ENTRY--PERSONAL NAME | |
| Personal name | Scotti, Paschal, |
| Dates associated with a name | 1961- |
| 245 10 - TITLE STATEMENT | |
| Title | Out of due time |
| Medium | [electronic resource] : |
| Remainder of title | Wilfrid Ward and the Dublin review / |
| Statement of responsibility, etc | Dom Paschal Scotti. |
| 260 ## - PUBLICATION, DISTRIBUTION, ETC. (IMPRINT) | |
| Place of publication, distribution, etc | Washington, D.C. : |
| Name of publisher, distributor, etc | Catholic University of America Press, |
| Date of publication, distribution, etc | c2006. |
| 300 ## - PHYSICAL DESCRIPTION | |
| Extent | x, 329 p. |
| 504 ## - BIBLIOGRAPHY, ETC. NOTE | |
| Bibliography, etc | Includes bibliographical references (p. 309-324) and index. |
| 505 0# - FORMATTED CONTENTS NOTE | |
| Formatted contents note | The intellectual politician -- English Catholicism and the Dublin review -- Transcendence, revelation, and immanence -- Politics -- Society -- Literature -- Ireland -- Foreign affairs -- The Great War. |
| 533 ## - REPRODUCTION NOTE | |
| Type of reproduction | Electronic reproduction. |
| Place of reproduction | Palo Alto, Calif. : |
| Agency responsible for reproduction | ebrary, |
| Date of reproduction | 2013. |
| Note about reproduction | Available via World Wide Web. |
| -- | Access may be limited to ebrary affiliated libraries. |
| 600 10 - SUBJECT ADDED ENTRY--PERSONAL NAME | |
| Personal name | Ward, Wilfrid, |
| Dates associated with a name | 1856-1916. |
| 630 00 - SUBJECT ADDED ENTRY--UNIFORM TITLE | |
| Uniform title | Dublin review (Dublin, Ireland) |
| 650 #0 - SUBJECT ADDED ENTRY--TOPICAL TERM | |
| Topical term or geographic name as entry element | Catholics |
| Geographic subdivision | Ireland. |
| Topical term or geographic name as entry element | English literature |
| General subdivision | Irish authors |
| -- | History and criticism |
| Form subdivision | Periodicals. |
| 651 #0 - SUBJECT ADDED ENTRY--GEOGRAPHIC NAME | |
| Geographic name | Ireland |
| General subdivision | Church history |
| Chronological subdivision | 19th century. |
| Geographic name | Ireland |
| General subdivision | Church history |
| Chronological subdivision | 20th century. |
| Geographic name | Ireland |
| General subdivision | Civilization |
| Form subdivision | Periodicals. |
| 655 #7 - INDEX TERM--GENRE/FORM | |
| Genre/form data or focus term | Electronic books. |
| Source of term | local |
| 710 2# - ADDED ENTRY--CORPORATE NAME | |
| Corporate name or jurisdiction name as entry element | ebrary, Inc. |
| 856 40 - ELECTRONIC LOCATION AND ACCESS | |
| Uniform Resource Identifier | <a href="http://site.ebrary.com/lib/rucke/Doc?id=10267283">http://site.ebrary.com/lib/rucke/Doc?id=10267283</a> |
| Public note | An electronic book accessible through the World Wide Web; click to view |
No items available.
